[Event "Thursday Knighter VI: PREMIER"]
[Site "Minneapolis, MN"]
[Date "2018.06.07"]
[Round "1.6"]
[White "Cavanah, Troy"]
[Black "Murphy, William"]
[Result "0-1"]
[WhiteElo "1877"]
[BlackElo "2008"]

1. e4 e5 2. Nf3 Nc6 3. Bc4 Bc5 4. b4 Bxb4 5. c3 Be7 6. d4 Na5 7. Nxe5 Nxc4 8.
Nxc4 d5 9. exd5 Qxd5 10. Ne3 Qd8 11. O-O Nf6 12. Ba3 O-O 13. Bxe7 Qxe7 14. Re1
Re8 15. Nd2 Qd8 16. Ndc4 Be6 17. Ne5 c5 18. Qf3 cxd4 19. Rad1 dxe3 20. Rxd8
exf2+ 21. Qxf2 Rexd8 22. h3 Rdc8 23. Qb2 b6 24. Rd1 Rc5 25. Nd3 Rd5 26. Nf2
Rxd1+ 27. Nxd1 Rd8 28. Ne3 h6 29. Qa3 Rd7 30. Nc2 Rd2 31. Qc1 Ne4 32. Nd4 Rxa2
33. Nxe6 fxe6 34. Kh2 Nc5 35. Qb1 Ra3 36. Qb2 Rb3 37. Qd2 a5 38. c4 a4 39. Qa2
a3 40. Kg1 e5 41. Kf1 e4 42. h4 e3 43. h5 e2+ 44. Qxe2 Rb1+ {#R} 0-1

[Event "Thursday Knighter VI: PREMIER"]
[Site "Minneapolis, MN"]
[Date "2018.06.07"]
[Round "1.7"]
[White "Newhall, Peter"]
[Black "Buyukdag, Yusuf"]
[Result "1-0"]
[WhiteElo "1067"]
[BlackElo "1102"]

1. d4 Nf6 2. Nf3 e6 3. e3 b6 4. Bd3 Bb7 5. O-O Be7 6. c4 O-O 7. Nc3 d5 8. b3
Nbd7 9. Bb2 Ne4 10. cxd5 exd5 11. Qc2 f5 12. Ne2 Bd6 13. Ne5 Nxe5 14. dxe5 Bc5
15. Nd4 Bxd4 16. Bxd4 c5 17. Bb2 Qd7 18. f3 Ng5 19. h4 Ne6 20. Bxf5 g6 21. Bd3
Qe7 22. f4 Qxh4 23. Rf3 Qg4 24. Rh3 d4 25. Bc4 Rae8 26. exd4 Rxf4 27. d5 Ng5
28. Re3 Ref8 29. Qe2 Nf3+ 30. Rxf3 Rxf3 31. d6+ Kg7 32. e6+ Kh6 33. e7 Re8
{#r} 1-0

[Event "Thursday Knighter VI: OPEN"]
[Site "Minneapolis, MN"]
[Date "2018.06.07"]
[Round "1.2"]
[White "Steinke, Daniel"]
[Black "Melander, Robert"]
[Result "1/2-1/2"]
[WhiteElo "2025"]
[BlackElo "1541"]

1. e4 c5 2. Nf3 Nc6 3. d4 cxd4 4. Nxd4 Qb6 5. Nf3 Nf6 6. Bd3 d6 7. h3 g6 8.
O-O Bg7 9. Nc3 O-O 10. Rb1 Bd7 11. Be3 Qa5 12. Qd2 Rac8 13. a3 a6 14. Nd5 Nxd5
15. Qxa5 Nxa5 16. exd5 Nc4 17. Bxc4 Rxc4 18. c3 Bf5 19. Rbd1 {Game score
illegible. } Rfc8 20. g4 Bd7 21. Nd2 Ra4 22. Rfe1 h5 23. f3 Ra5 24. Ne4 Ba4
25. Rd2 Bb3 26. gxh5 gxh5 27. Rg2 Kf8 28. Kh1 f5 29. Reg1 Bxd5 30. Rxg7 fxe4
31. Bh6 Ke8 32. fxe4 Bxe4+ 33. Kh2 Rb5 34. Rg8+ Kd7 35. Rxc8 Kxc8 36. b4 Rf5
37. Be3 Rf3 38. Re1 Bf5 39. h4 Rh3+ 40. Kg2 Rxh4 41. Bf2 Re4 42. Rxe4 Bxe4+
43. Kg3 Kd7 44. Kf4 Bd5 45. a4 Kc6 46. a5 Kb5 47. Kg5 Bf3 48. Kf4 Bg4 49. Ke4
Kc4 50. Be1 Kb3 51. Kd3 d5 52. Kd4 e6 53. Bg3 Kc2 54. Be1 Kd1 55. Bg3 Ke2 56.
Kc5 Kf3 57. Be5 h4 58. Kb6 Kg2 59. Kxb7 Be2 60. Kc6 h3 61. Kd6 h2 62. Bxh2
Kxh2 63. Kxe6 Bc4 64. Ke5 Kg3 65. Kd4 Kf3 66. Kc5 Ke4 67. Kc6 Kd3 68. b5 Bxb5+
69. Kxd5 Kxc3 70. Kc5 Kb3 71. Kd4 Kb4 72. Ke3 Kxa5 73. Kd2 Kb4 74. Kc2 Ka3 75.
Kb1 Kb3 76. Ka1 a5 77. Kb1 a4 78. Ka1 Kc2 79. Ka2 Bc4+ 80. Ka1 Kb3 81. Kb1 a3
82. Ka1 Ka4 83. Kb1 a2+ 84. Ka1 Bb3 85. Kb2 Bd5 86. Ka1 Bc4 87. Kb2 {#d}
1/2-1/2

[Event "Thursday Knighter VI: OPEN"]
[Site "Minneapolis, MN"]
[Date "2018.06.07"]
[Round "1.5"]
[White "Wisniewski, Vincent"]
[Black "Heinisch, Steven"]
[Result "1-0"]
[WhiteElo "1432"]
[BlackElo "1300"]

1. d4 d5 2. c4 e6 3. Nc3 Nf6 4. Nf3 Nbd7 5. cxd5 exd5 6. e3 Be7 7. Bd3 O-O 8.
O-O b6 9. Bd2 Bb7 10. Rc1 Bd6 11. Nb5 Qe7 12. Nxd6 Qxd6 13. a3 a5 14. b4 axb4
15. axb4 Ne4 16. b5 Rfc8 17. Be1 c5 18. bxc6 Rxc6 19. Rb1 Nc3 20. Bxc3 Rxc3
21. Rb3 Ra3 22. Rxc3 Rxc3 23. Qb1 Qa3 24. Bxh7+ Kh8 25. Ng5 Qe7 26. Qf5 Nf6
27. Qh3 Rc7 28. Nxf7+ Qxf7 29. Bg6+ Kg8 30. Bxf7+ Kxf7 31. Ra1 Bc6 32. Rc1 b5
33. f3 b4 34. g4 b3 35. Qg2 Rb7 36. Qb2 Ba4 37. Rc5 Rb4 38. Kf2 Rc4 39. Rxc4
dxc4 40. e4 Ke6 41. Qc3 Bb5 42. h4 g6 43. Ke3 Nd7 44. f4 Nf6 45. d5+ Kf7 46.
Kf3 Ke7 47. h5 gxh5 48. gxh5 Kf7 49. Qe5 Nd7 50. Qe6+ Kg7 51. Qg6+ Kf8 52. h6
Ne5+ 53. fxe5 {#r} 1-0

[Event "Thursday Knighter VI: OPEN"]
[Site "Minneapolis, MN"]
[Date "2018.06.07"]
[Round "1.7"]
[White "Heinisch, Michael"]
[Black "Greenberg, Michael"]
[Result "0-1"]
[WhiteElo "1300"]
[BlackElo "1018"]

1. e4 e5 2. Bc4 Nc6 3. Nc3 d6 4. Nf3 Na5 5. Be2 g6 6. d4 exd4 7. Qxd4 f6 8.
Be3 Nc6 9. Qd2 Be6 10. Nd5 Qd7 11. Nd4 Bf7 12. Qc3 Bg7 13. Bb5 f5 14. Qc4 Nge7
15. Qa4 Nxd5 16. Nxc6 a6 17. Nd4 c6 18. Nxc6 Nxe3 19. fxe3 O-O {#R} 0-1

[Event "Thursday Knighter VI: OPEN"]
[Site "Minneapolis, MN"]
[Date "2018.06.07"]
[Round "1.8"]
[White "Flaherty, Michael"]
[Black "Juntunen, Steven"]
[Result "0-1"]
[WhiteElo "1142"]
[BlackElo "2133"]

1. e4 e5 2. Nf3 Nc6 3. Bb5 a6 4. Ba4 Nf6 5. d3 Be7 6. a3 O-O 7. O-O d6 8. Re1
Bg4 9. c3 b5 10. Bb3 Na5 11. Nbd2 c5 12. h3 Bh5 13. g4 Bg6 14. Nh4 Kh8 15.
Nxg6+ fxg6 16. Rf1 Nd7 17. Ba2 Nb6 18. Nf3 Rc8 19. Bg5 Bxg5 20. d4 Bf4 21. d5
c4 22. b4 cxb3 23. Bxb3 Rxc3 24. Bc2 Rxf3 25. Kg2 Rc3 {#R} 0-1

[Event "Thursday Knighter VI: X-GAMES"]
[Site "Minneapolis, MN"]
[Date "2018.06.14"]
[Round "1.1"]
[White "Titus, Andrew"]
[Black "Nyzhnyk, Illia"]
[Result "0-1"]
[WhiteElo "1528"]
[BlackElo "2706"]

1. e4 c5 2. Nf3 d6 3. d4 cxd4 4. Nxd4 Nf6 5. Nc3 a6 6. h3 e5 7. Nde2 h5 8. g3
Nbd7 9. Bg2 Be7 10. O-O b5 11. a4 b4 12. Nd5 Nxd5 13. Qxd5 Rb8 14. c3 Nc5 15.
Qd1 Be6 16. cxb4 Rxb4 17. Nc3 Qd7 18. Kh2 h4 19. g4 O-O 20. Re1 Rfb8 21. Bf1
Qd8 22. Kg1 Rd4 23. Qf3 Bg5 24. Rb1 Bxc1 25. Rbxc1 Rxb2 26. Rb1 Rxb1 27. Rxb1
Nxa4 28. Bxa6 Nxc3 29. Qxc3 Rxe4 30. Bd3 Ra4 31. Bc2 Rc4 32. Qd3 g6 33. Qe2
Kg7 34. Rd1 Qb6 35. Bf5 gxf5 36. gxf5 Bd5 37. Rxd5 Rc1+ 38. Kh2 Qb1 39. Qf3
Rg1 40. Rxd6 Rg5 41. f6+ Kg6 42. Rd1 Qf5 43. Qxf5+ Kxf5 44. Rd6 e4 45. Ra6 Kf4
46. Ra3 Rg6 47. Rb3 Rxf6 48. Kg2 Rd6 49. Ra3 f5 50. Ra5 Rd2 51. Ra3 Ke5 52.
Ra5+ Rd5 53. Ra8 f4 54. Re8+ Kd4 55. f3 Rg5+ 56. Kf2 e3+ 57. Kf1 Rg3 58. Rd8+
Kc5 59. Rc8+ Kd6 60. Ke2 Rg2+ 61. Ke1 Rf2 62. Rh8 Rxf3 63. Rxh4 Ke5 64. Rh8
Rf2 65. Re8+ Kd4 66. Re7 Rh2 67. Rh7 Ke4 {#R} 0-1

[Event "Thursday Knighter VI: PREMIER"]
[Site "Minneapolis, MN"]
[Date "2018.06.14"]
[Round "2.1"]
[White "Hoover, Nathan"]
[Black "Britt, Thomas"]
[Result "0-1"]
[WhiteElo "1979"]
[BlackElo "1460"]

1. e4 c5 2. Nf3 e6 3. d4 cxd4 4. Nxd4 Nf6 5. Nc3 d6 6. g4 h6 7. h4 Nc6 8. Rg1
h5 9. g5 Ng4 10. Rg2 Be7 11. Be2 Nge5 12. Be3 Bd7 13. Qd2 a6 14. O-O-O Qc7 15.
f4 Ng4 16. Bg1 Na5 17. Nf5 Bf8 18. Nxd6+ Bxd6 19. Qxd6 Qxd6 20. Rxd6 Rc8 21.
e5 Bc6 22. Rg3 b5 23. Bf3 (23. a4 {Stockfish 8: (+3.79/25)}) 23... O-O 24. b4
Bxf3 25. Rxf3 Nc6 26. Bc5 Rfd8 27. Rfd3 Rxd6 28. Rxd6 Nh2 29. Ne4 (29. Rd3 {
Stockfish 8: (+1.76/26)} Rd8 {(+2.37/26)} {Stockfish 8 64 POPCNT:} 30. Bd6 ({
Stockfish 8 64 POPCNT:} 30. Rxd8+ Nxd8 31. Nxb5 axb5 32. c4 bxc4 33. a4 Nf3 {
(+3.54/28)}) 30... Rc8 31. Ne2 Kh7 32. Ra3 Kg6 33. Rxa6 Nf3 34. a4 bxa4 35. b5
Ncd4 36. Nxd4 Nxd4 37. b6 Rxc2+ 38. Kb1 Rc3 39. Rxa4 Rb3+ 40. Ka2 Rxb6 41.
Rxd4 {(+2.12/28)}) 29... Nf3 30. Rd3 Nxh4 31. Rh3 Ng6 {White's time expired.}
{#R} 0-1

[Event "Thursday Knighter VI: PREMIER"]
[Site "Minneapolis, MN"]
[Date "2018.06.14"]
[Round "2.2"]
[White "Matus, Nastassja"]
[Black "Zagar, Dane"]
[Result "1-0"]
[WhiteElo "1645"]
[BlackElo "1972"]

1. d4 d5 2. Bf4 Nf6 3. Nf3 e6 4. e3 Be7 5. Nbd2 c5 6. c3 Nc6 7. Bd3 cxd4 8.
exd4 Nh5 9. Be3 f5 10. Ne5 Nxe5 11. dxe5 g6 12. Bh6 Bf8 13. Bxf8 Rxf8 14. Nf3
Bd7 15. Qd2 Qe7 16. Nd4 a6 17. f4 h6 18. g3 Kf7 19. Kf2 Kg8 20. Be2 Ng7 21. h4
Be8 22. Rac1 Bf7 23. Bf3 Rac8 24. Rc2 Rc7 25. Rhc1 Rfc8 26. Kg2 Be8 27. Qd3
Ba4 28. b3 Be8 29. c4 dxc4 30. Rxc4 Rxc4 31. Rxc4 Rd8 32. Qc3 Qd7 33. Nc2 g5
34. Rd4 Rc8 35. Qd2 Qb5 36. Na3 Qb6 37. Nc4 Qc7 38. Nd6 g4 39. Bxb7 Rb8 40.
Rc4 Qb6 41. Qb4 Qe3 42. Qc5 Qe1 43. Qf2 Qxf2+ 44. Kxf2 Bb5 45. Rc8+ Rxc8 46.
Bxc8 Kf8 47. a4 Bd3 48. Nb7 Bc2 49. Nc5 a5 50. Nxe6+ Nxe6 51. Bxe6 Ke7 52. Bc4
{#r} 1-0

[Event "Thursday Knighter VI: PREMIER"]
[Site "Minneapolis, MN"]
[Date "2018.06.14"]
[Round "2.3"]
[White "Krusack, Matthew"]
[Black "Louie, Terry"]
[Result "1-0"]
[WhiteElo "1924"]
[BlackElo "1506"]

1. Nf3 g6 2. g3 Bg7 3. Bg2 c5 4. O-O Nc6 5. d3 d5 6. Nbd2 e5 7. e4 Nge7 8. c3
O-O 9. a3 f5 10. b4 fxe4 11. dxe4 cxb4 12. axb4 Kh8 13. exd5 Nxd5 14. Ne4 Bf5
15. Nfd2 Qc7 16. Qb3 Rad8 17. Bb2 Nf6 18. Nxf6 Rxd2 19. Nd5 Be6 20. c4 Qf7 21.
f4 Qd7 22. Qc3 Re2 23. b5 Bh3 24. bxc6 bxc6 25. Ne3 Qb7 26. Bxh3 Rxb2 27. fxe5
Rb3 28. Rxf8+ Bxf8 29. Qd4 a6 30. Rf1 Qg7 31. Qd8 h5 32. Qxf8+ Qxf8 33. Rxf8+
Kg7 34. Rf3 a5 35. Nf5+ gxf5 36. Rxb3 {#r} 1-0

[Event "Thursday Knighter VI: PREMIER"]
[Site "Minneapolis, MN"]
[Date "2018.06.14"]
[Round "2.4"]
[White "Boardman, Larry"]
[Black "Wisniewski, Vincent"]
[Result "1/2-1/2"]
[WhiteElo "1944"]
[BlackElo "1432"]

1. d4 d5 2. c4 dxc4 3. e3 c5 4. Bxc4 e6 5. Nf3 Nf6 6. O-O cxd4 7. exd4 Be7 8.
Qe2 Nc6 9. Rd1 O-O 10. Nc3 a6 11. d5 exd5 12. Nxd5 Nxd5 13. Bxd5 Qc7 14. Bg5
Bxg5 15. Nxg5 h6 16. Ne4 Qe5 17. Qc4 Be6 18. Bxe6 Qxe6 19. Qxe6 fxe6 20. Rd6
e5 21. Rd7 b5 22. Rc1 Rfd8 23. Rxd8+ Rxd8 24. f3 Nb4 25. a3 Nd3 26. Rd1 Rd4
{#d} 1/2-1/2

[Event "Thursday Knighter VI: PREMIER"]
[Site "Minneapolis, MN"]
[Date "2018.06.14"]
[Round "2.5"]
[White "Wasserman, Eddie"]
[Black "Buyukdag, Yusuf"]
[Result "1-0"]
[WhiteElo "1928"]
[BlackElo "1102"]

1. e4 c5 2. Nf3 Nc6 3. Bb5 g6 4. Bxc6 bxc6 5. O-O Nf6 6. Re1 Bg7 7. Nc3 O-O 8.
d3 Qc7 9. e5 Nd5 10. Ne4 Qb6 11. c4 Nc7 12. Rb1 a5 13. Be3 Ne6 14. Qa4 Bb7 15.
Qa3 Qc7 16. Nxc5 d5 17. exd6 exd6 18. Nxb7 Qxb7 19. Qxd6 Rfd8 20. Qa3 Bf8 21.
Qc3 Bb4 22. Qc2 Bxe1 23. Rxe1 a4 24. Qc3 Qd7 25. Ne5 Qd6 26. Ng4 Nd4 27. Bg5
Rdc8 28. Be7 Qf4 29. Nf6+ Kg7 30. Ne4 c5 31. Bf6+ Kf8 32. Bxd4 cxd4 33. Qxd4
h5 34. g3 Qh6 35. Qd6+ Kg8 36. Nf6+ Kg7 37. Qe5 Ra7 38. Ng4+ {#r} 1-0

[Event "Thursday Knighter VI: PREMIER"]
[Site "Minneapolis, MN"]
[Date "2018.06.14"]
[Round "2.6"]
[White "Timm, Jordan"]
[Black "Marquina, Efrain"]
[Result "1-0"]
[WhiteElo "1902"]
[BlackElo "1645"]

1. e4 c5 2. c3 d5 3. exd5 Qxd5 4. d4 Nf6 5. Nf3 Bg4 6. Be2 e6 7. O-O Nc6 8.
Be3 cxd4 9. Nxd4 Bxe2 10. Qxe2 Be7 11. Nd2 O-O 12. N2f3 Rac8 13. Rad1 a6 14.
Nxc6 Qxc6 15. Bf4 Nd5 16. Bg3 b5 17. Nd4 Qc4 18. Qxc4 Rxc4 19. Rfe1 Bf6 20.
Nb3 Rfc8 21. Be5 Bxe5 22. Rxe5 Ra4 23. a3 a5 24. g3 g6 25. Rd4 Rxd4 26. Nxd4
b4 27. cxb4 axb4 28. axb4 Nxb4 29. Rb5 Rc1+ 30. Kg2 Rc4 31. Rb8+ Kg7 32. Nf3
Nd3 33. Rb3 Nc5 34. Rc3 Rxc3 35. bxc3 Kf6 36. Kf1 e5 37. Nd2 Kf5 38. Ke2 e4
39. Ke3 Ke5 40. f4+ exf3 41. Nxf3+ Kf5 42. Kd4 Ne6+ 43. Kd5 Nc7+ 44. Kc6 Ne8
45. Kd7 Nf6+ 46. Kc6 h6 47. c4 Ke4 48. Ng1 Kd4 49. Kd6 Ne4+ 50. Ke7 f5 51. Kf7
g5 52. Kg6 f4 53. gxf4 gxf4 54. Kxh6 Kxc4 55. Kh5 Kd4 56. Kg4 Ke3 57. h4 Nf6+
58. Kf5 Nh5 59. Kg5 Kf2 60. Kxh5 Kxg1 61. Kg4 {#r} 1-0

[Event "Thursday Knighter VI: OPEN"]
[Site "Minneapolis, MN"]
[Date "2018.06.14"]
[Round "2.2"]
[White "Juntunen, Steven"]
[Black "Lothrop, Jack"]
[Result "0-1"]
[WhiteElo "2133"]
[BlackElo "1506"]

1. e4 c5 2. Nf3 e6 3. Nc3 a6 4. d3 b5 5. a3 Bb7 6. Be2 Qc7 7. O-O Nc6 8. Be3
Nf6 9. Qd2 d5 10. exd5 Nxd5 11. Nxd5 exd5 12. Bf4 Bd6 13. Bxd6 Qxd6 14. Qe3+
Qe7 15. Qxe7+ Kxe7 16. Rfe1 d4 17. Nd2 Kd6 18. Ne4+ Kc7 19. Nxc5 Bc8 20. Bf3
Bf5 21. Nb3 Rad8 22. Re2 h5 23. Rae1 Bg4 24. Nc5 Bxf3 25. gxf3 Kb6 26. Ne4 Rd5
27. h4 Rf5 28. Nd2 Rh6 29. Re4 Rhf6 30. Kh2 Kc5 31. Rg1 g6 32. Rg5 Rxg5 33.
hxg5 Rf5 34. f4 Kd5 35. Nf3 Kc5 36. Kg3 a5 37. Ne5 Nxe5 38. Rxe5+ Rxe5 39.
fxe5 Kd5 40. f4 Ke6 41. c3 dxc3 42. bxc3 Kf5 43. d4 Ke6 44. Kf3 Kd5 {#R} 0-1

[Event "Thursday Knighter VI: OPEN"]
[Site "Minneapolis, MN"]
[Date "2018.06.14"]
[Round "2.3"]
[White "Baker, John"]
[Black "Khann, Riaz"]
[Result "1-0"]
[WhiteElo "1809"]
[BlackElo "1506"]

1. e4 c5 2. Nf3 d6 3. Bb5+ Nd7 4. O-O Ngf6 5. Re1 e6 6. d4 cxd4 7. Qxd4 a6 8.
Bxd7+ Bxd7 9. c4 Be7 10. Nc3 O-O 11. Bg5 Ne8 12. Bxe7 Qxe7 13. Rad1 e5 14.
Nxe5 Be6 15. Nf3 Bg4 16. Nd5 Qd8 17. Rd3 Bxf3 18. Rxf3 Qa5 19. Nc3 b5 20. Rfe3
b4 21. Nd5 Qxa2 22. Nxb4 Qa5 23. Nd5 Qd8 24. Rd1 Qg5 25. f4 Qg4 26. Rg3 Qe2
27. Nc7 Qxd1+ 28. Qxd1 Nxc7 29. Qxd6 Ne6 30. h3 Rad8 31. Qe5 g6 32. f5 Nd4 33.
Kh2 Rfe8 34. Qf6 Ne2 35. Re3 Nf4 36. fxg6 Nxg6 37. Qxa6 Rd2 38. Qb5 Red8 39.
c5 Rc2 40. Re2 Rc1 41. b4 Rdd1 42. Rf2 Rh1+ 43. Kg3 Ne5 44. Qe8+ {#r} 1-0

[Event "Thursday Knighter VI: OPEN"]
[Site "Minneapolis, MN"]
[Date "2018.06.14"]
[Round "2.5"]
[White "Kroells, Ty"]
[Black "Steinke, Daniel"]
[Result "1/2-1/2"]
[WhiteElo "1924"]
[BlackElo "2025"]

1. e4 e5 2. Nf3 Nc6 3. Bc4 Bc5 4. O-O d6 5. d3 Bg4 6. c3 Nf6 7. b4 Bb6 8. a4
a6 9. a5 Ba7 10. Be3 O-O 11. Nbd2 d5 12. exd5 Nxd5 13. Bxa7 Nxc3 14. Qe1 Rxa7
15. Nxe5 Be2 16. Nxc6 bxc6 17. Nb3 Bxf1 18. Qxc3 Bxg2 19. Kxg2 Qg5+ 20. Kh1 h5
21. Rg1 Qh6 22. Nd4 Qf6 23. Ne2 Qxc3 24. Nxc3 Re8 25. Ne4 Kf8 26. Rg5 g6 27.
Rc5 Rb7 28. f3 Rxb4 29. Rxc6 Rb2 30. Rxc7 Re7 31. Rxe7 Kxe7 32. Bxa6 Ra2 33.
Bc4 Rxa5 34. Kg2 f5 35. Nc3 Kf6 36. Kg3 g5 37. d4 Ra3 38. Nb5 Ra4 39. Bd5 Rb4
40. Bc6 f4+ 41. Kh3 g4+ 42. fxg4 Rb3+ 43. Kh4 f3 44. g5+ Kg6 45. Be4+ Kg7 46.
Bxf3 Rxf3 47. Kxh5 Rh3+ 48. Kg4 Rxh2 49. d5 Rd2 50. d6 Kg6 51. Kf4 Rd5 52. Nc3
{#d} 1/2-1/2

[Event "Thursday Knighter VI: OPEN"]
[Site "Minneapolis, MN"]
[Date "2018.06.14"]
[Round "2.7"]
[White "Farhat, Elie"]
[Black "Heinisch, Michael"]
[Result "0-1"]
[WhiteElo "962"]
[BlackElo "1300"]

1. e4 e5 2. Nf3 Nc6 3. Nc3 Nf6 4. d4 exd4 5. Nxd4 Bb4 6. Bd2 Nxd4 7. Bd3 d5 8.
Bg5 Ne6 9. Bxf6 Qxf6 10. Qd2 d4 11. O-O Nf4 12. e5 Qg5 13. g3 Nh3+ 14. Kg2
Qxd2 15. Rad1 Qh6 16. Nd5 Ng5 17. Nxc7+ Kd8 18. Nxa8 Qh3+ 19. Kh1 Nf3 {#R} 0-1

[Event "Thursday Knighter VI: PREMIER"]
[Site "Minneapolis, MN"]
[Date "2018.06.21"]
[Round "3.1"]
[White "Britt, Thomas"]
[Black "Matus, Nastassja"]
[Result "1-0"]
[WhiteElo "1460"]
[BlackElo "1645"]

1. d4 d5 2. c4 dxc4 3. e3 Nf6 4. Bxc4 e6 5. Nf3 a6 6. O-O c5 7. Bb3 Nc6 8. Nc3
cxd4 9. exd4 Be7 10. Bg5 O-O 11. Qd2 b5 12. Rad1 b4 13. Na4 Ne4 14. Bxe7 Nxd2
15. Bxd8 Nxf3+ 16. gxf3 Rxd8 17. d5 Ne5 18. Nb6 Rb8 19. Nxc8 Rbxc8 20. dxe6
Nxf3+ 21. Kg2 Ng5 22. e7 Re8 23. Rfe1 Ne6 24. Rxe6 g6 25. Re4 Kg7 26. Ba4 Kf6
27. Bxe8 Rxe8 28. Rd6+ Kg7 29. Rd8 {#r} 1-0

[Event "Thursday Knighter VI: PREMIER"]
[Site "Minneapolis, MN"]
[Date "2018.06.21"]
[Round "3.2"]
[White "Hoover, Nathan"]
[Black "Krusack, Matthew"]
[Result "1-0"]
[WhiteElo "1979"]
[BlackElo "1924"]

1. e4 c5 2. Nf3 Nc6 3. d4 cxd4 4. Nxd4 Nf6 5. Nc3 e5 6. Ndb5 d6 7. a4 a6 8.
Na3 Be6 9. Bg5 Rb8 10. Nc4 b5 11. axb5 axb5 12. Nxb5 Rxb5 13. Nxd6+ Qxd6 14.
Qxd6 Bxd6 15. Bxb5 Bd7 16. Bxf6 gxf6 17. Ra6 Nb8 18. Rxd6 Bxb5 19. Rxf6 Nd7
20. Rd6 Ke7 21. Rd2 Ra8 22. f3 Nc5 23. Kf2 Bc6 24. b4 Ne6 25. c4 Ra3 26. b5
Bb7 27. Rhd1 Nd4 28. Rxd4 exd4 29. Rxd4 Ra2+ 30. Kg3 Rc2 31. h4 Ba8 32. h5 h6
33. Kh3 Bb7 34. g4 Bc8 35. Kg3 Be6 36. b6 Bc8 37. Kf4 f6 38. e5 fxe5+ 39. Kxe5
Bb7 40. Rf4 Bxf3 41. Rxf3 Rxc4 42. Rb3 Rc5+ 43. Ke4 Rc8 44. b7 Rb8 45. Kf5 Kf7
46. Rb6 Kg7 47. Ke6 {#r} 1-0

[Event "Thursday Knighter VI: PREMIER"]
[Site "Minneapolis, MN"]
[Date "2018.06.21"]
[Round "3.3"]
[White "Louie, Terry"]
[Black "Zagar, Dane"]
[Result "0-1"]
[WhiteElo "1506"]
[BlackElo "1972"]

1. c4 Nf6 2. Nc3 e6 3. d4 d5 4. Bg5 Be7 5. Nf3 O-O 6. e3 h6 7. Bh4 b6 8. Bd3
Bb7 9. O-O Nbd7 10. Rc1 c5 11. h3 Ne4 12. Bxe7 Qxe7 13. Qe2 Rad8 14. Rfd1 cxd4
15. exd4 Ndf6 16. cxd5 Nxc3 17. Rxc3 Bxd5 18. Bb1 Qb7 19. Re3 Rd6 20. g4 Bxf3
21. Rxf3 Rfd8 22. Rf4 Nd5 23. Re4 Qb8 24. Qf3 R8d7 25. h4 Qd8 26. Re5 Qxh4
{#R} 0-1

[Event "Thursday Knighter VI: PREMIER"]
[Site "Minneapolis, MN"]
[Date "2018.06.21"]
[Round "3.4"]
[White "Myrin, Norman"]
[Black "Wasserman, Eddie"]
[Result "0-1"]
[WhiteElo "1974"]
[BlackElo "1928"]

1. Nf3 c5 2. e3 Nc6 3. d4 cxd4 4. exd4 d5 5. c3 Bg4 6. Be2 e6 7. Bf4 Bd6 8.
Bxd6 Qxd6 9. Nbd2 Nf6 10. h3 Bh5 11. O-O O-O 12. Nh4 Bxe2 13. Qxe2 Rab8 14.
Nhf3 b5 15. a3 a5 16. Rfe1 b4 17. axb4 axb4 18. Ra6 Qc7 19. c4 dxc4 20. Qxc4
Rb6 21. Rc1 Rxa6 22. Qxa6 Nb8 23. Qc4 Qb7 24. Ne5 Nbd7 25. Nxd7 Nxd7 26. Qc7
Qxc7 27. Rxc7 Nf6 28. Rc4 Nd5 29. Nf1 Rb8 30. Ne3 Nf4 31. Kh2 Nd3 32. Nd1 Kf8
33. Rc2 Rd8 34. Rd2 Rxd4 35. f4 Rd8 36. Ne3 Rd7 37. Ng4 Ke7 38. g3 f6 39. Ne3
b3 40. Nc4 Nc5 41. Rxd7+ Kxd7 42. Nd2 Kc6 43. Kg2 Kd5 44. Kf3 Kd4 45. Ke2 e5
46. fxe5 fxe5 47. Nf3+ Kd5 48. Ke3 Na4 49. Nd2 Nxb2 50. Nxb3 Nc4+ 51. Ke2 Ke4
52. Nc5+ Kf5 53. Kf3 Nd2+ 54. Ke3 Nc4+ 55. Kf3 Nd6 56. g4+ Kf6 57. h4 h6 58.
Nd7+ Ke6 59. Nc5+ Kd5 60. Nd7 Kd4 61. Nf8 Kd3 62. Ne6 e4+ 63. Kf2 Kd2 64. Nf4
e3+ 65. Kf1 g5 66. hxg5 hxg5 67. Ne2 Ne4 68. Nc1 Ng3+ 69. Kg2 Kxc1 {#R} 0-1

[Event "Thursday Knighter VI: PREMIER"]
[Site "Minneapolis, MN"]
[Date "2018.06.21"]
[Round "3.5"]
[White "Buyukdag, Yusuf"]
[Black "Marquina, Efrain"]
[Result "1/2-1/2"]
[WhiteElo "1102"]
[BlackElo "1645"]

1. d4 Nf6 2. c4 c5 3. d5 e6 4. Nc3 exd5 5. cxd5 d6 6. e4 g6 7. Bd3 Bg7 8. h3
O-O 9. Nf3 Re8 10. O-O Na6 11. Re1 Nc7 12. Bf4 a6 13. a4 Rb8 14. Qc2 b5 15.
Bxd6 Qxd6 16. e5 Qd8 17. d6 Ncd5 18. exf6 Nb4 19. Rxe8+ Qxe8 20. Qe2 Qxe2 21.
Bxe2 Bxf6 22. axb5 axb5 23. Nxb5 Bxb2 24. Ra7 Be6 25. Rc7 c4 26. Nfd4 c3 27.
Nxc3 Bxc3 28. Rxc3 Rd8 29. Nxe6 fxe6 30. Rc4 Nd5 31. Rc6 Nb4 32. Rb6 Nd5 33.
Ra6 Nb4 34. Ra4 Nd5 35. d7 Rxd7 36. Bg4 Re7 37. Rd4 Kf7 38. Bf3 Nf6 39. g4 e5
40. Rb4 e4 41. Be2 g5 42. Rb5 h6 43. Bc4+ Kg7 44. Kf1 Rc7 45. Rb4 Ra7 46. Kg2
Rd7 47. Be6 Rd2 48. Rb7+ Kh8 49. Rb8+ {#d} 1/2-1/2

[Event "Thursday Knighter VI: OPEN"]
[Site "Minneapolis, MN"]
[Date "2018.06.21"]
[Round "3.1"]
[White "Gisselquist, Peter"]
[Black "Lothrop, Jack"]
[Result "1/2-1/2"]
[WhiteElo "1018"]
[BlackElo "1506"]

1. e4 c5 2. c3 d5 3. exd5 Qxd5 4. d4 e6 5. Nf3 Nf6 6. Be2 Nc6 7. O-O Be7 8.
Be3 cxd4 9. Nxd4 e5 10. Nxc6 Qxc6 11. Nd2 O-O 12. Qc2 Nd5 13. Nc4 Nxe3 14.
Nxe3 f5 15. Bc4+ Be6 16. Bxe6+ Qxe6 17. c4 Rac8 18. Qd3 Rcd8 19. Nd5 Bc5 20.
Kh1 e4 21. Qe2 Bd6 22. Rae1 Qh6 23. g3 Rde8 24. Qe3 Qh5 25. Nf4 Bxf4 26. Qxf4
g5 27. Qd6 Qf7 28. b3 Rd8 29. Qe5 Qf6 30. Qxf6 Rxf6 31. f3 Re6 32. fxe4 fxe4
33. Rf5 h6 34. Rd5 Rf8 35. Kg2 e3 36. Re2 g4 37. h3 gxh3+ 38. Kxh3 Kg7 39.
Rd7+ Kf6 40. Rd3 Rfe8 41. Kg4 Kg6 42. Kf3 {#d} 1/2-1/2

[Event "Thursday Knighter VI: OPEN"]
[Site "Minneapolis, MN"]
[Date "2018.06.21"]
[Round "3.2"]
[White "Melander, Robert"]
[Black "Greenberg, Michael"]
[Result "1-0"]
[WhiteElo "1541"]
[BlackElo "1018"]

1. e4 e5 2. Nf3 Nf6 3. Nxe5 d6 4. Nf3 Nxe4 5. d3 Nf6 6. d4 d5 7. Bd3 Bd6 8.
O-O O-O 9. b3 Bg4 10. Bb2 Re8 11. c4 c6 12. Nbd2 Ne4 13. Qc2 f5 14. Rfe1 Nd7
15. a3 Qf6 16. h3 Bh5 17. Be2 Bf4 18. Nf1 Qg6 19. Nh4 Qg5 20. Bxh5 Qxh5 21.
Nf3 Re6 22. Re2 Rg6 23. Kh1 Rh6 24. Rae1 g5 25. Ng1 g4 26. Bc1 gxh3 27. Nxh3
Bxc1 28. Qxc1 Kh8 29. Ng3 Nxg3+ 30. fxg3 Rg8 31. Qf4 Nf6 32. Re6 Rhg6 33. Qe5
R8g7 34. Rxf6 h6 35. Rxf5 Qg4 36. Rf7 Qxg3 37. Qxg3 Rxg3 38. Rxg7 Kxg7 39.
Re7+ Kf6 40. Rxb7 dxc4 41. bxc4 Rxa3 42. Rc7 Rd3 43. Rxc6+ {#r} 1-0

[Event "Thursday Knighter VI: OPEN"]
[Site "Minneapolis, MN"]
[Date "2018.06.21"]
[Round "3.3"]
[White "Steinke, Daniel"]
[Black "Humphreys, Terry"]
[Result "1/2-1/2"]
[WhiteElo "2025"]
[BlackElo "1912"]

1. e4 e5 2. Nf3 Nc6 3. Bb5 a6 4. Ba4 Nf6 5. d3 d6 6. h3 Bd7 7. Be3 g6 8. Nc3
Bg7 9. Qd2 Qe7 10. a3 Nd8 11. Bb3 Be6 12. Bxe6 Nxe6 13. a4 Rd8 14. O-O d5 15.
exd5 Nxd5 16. Nxd5 Rxd5 17. Ng5 O-O 18. Nxe6 Qxe6 19. Rfe1 Qc8 20. Bh6 Bxh6
21. Qxh6 Qd7 22. b3 f6 23. Re2 Qg7 24. Qxg7+ Kxg7 {#d} 1/2-1/2